Historias de la clínica quirúrgica (Record no. 47866)

MARC details
000 -LEADER
campo de control de longitud fija 00928nam a2200217 i 4500
001 - NÚMERO DE CONTROL
campo de control 47866
003 - IDENTIFICADOR DE NÚMERO DE CONTROL
campo de control ES-MaACL
005 - FECHA Y HORA DE LA ÚLTIMA TRANSACCIÓN
campo de control 20230906161641.0
007 - CAMPO FIJO DE DESCRIPCIÓN FÍSICA--INFORMACIÓN GENERAL
campo de control de longitud fija t|
008 - DATOS DE LONGITUD FIJA--INFORMACIÓN GENERAL
campo de control de longitud fija 030619s1879 sp ||||1| spa d
245 00 - MENCIÓN DEL TÍTULO
Título Historias de la clínica quirúrgica
Resto del título : (segundo curso) en la Facultad de Medicina de Madrid. Primer cuaderno /
Mención de responsabilidad, etc. revisadas por el Doctor Don Juan Creus y Manso ; publicadas por los alumnos de la misma, Félix Creus y José Grinda.
260 ## - PUBLICACIÓN, DISTRIBUCIÓN, ETC.
Lugar de publicación, distribución, etc. Madrid :
Nombre del editor, distribuidor, etc. [s.n.],
Fecha de publicación, distribución, etc. 1879 (
Fabricante Imprenta de F. Maroto e Hijos)
300 ## - DESCRIPCIÓN FÍSICA
Extensión 301 p. ;
Dimensiones 21 cm.
500 ## - NOTA GENERAL
Nota general Precede al tít.: Año académico de 1878 a 1879.
650 #4 - PUNTO DE ACCESO ADICIONAL DE MATERIA--TÉRMINO DE MATERIA
Término de materia o nombre geográfico como elemento de entrada Cirugía-
Subdivisión de forma Casos clínicos.
9 (RLIN) 139190
700 1# - ENTRADA AGREGADA--NOMBRE PERSONAL
Nombre de persona Creus y Manso, Juan.
9 (RLIN) 41578
700 0# - ENTRADA AGREGADA--NOMBRE PERSONAL
Nombre de persona Creus, Félix.
9 (RLIN) 41569
700 0# - ENTRADA AGREGADA--NOMBRE PERSONAL
Nombre de persona Grinda y Forner, José.
9 (RLIN) 60068
852 ## - LOCALIZACIÓN
Ubicación ES-MaACL
Número de control de estantería G-15437(2)
852 ## - LOCALIZACIÓN
Ubicación ES-MaACL
Número de control de estantería T-432-F-14
Nota libre .- Anotaciones manuscritas en los márgenes del texto
Holdings
Estatus retirado Estado de pérdida Estado de daño No para préstamo Colección Biblioteca de origen Biblioteca actual Ubicación en estantería Fecha de adquisición Fuente de adquisición Total de préstamos Signatura topográfica completa Código de barras Visto por última vez Precio de reemplazo Tipo de ítem Koha
        Colección de folletos Biblioteca del Ateneo de Madrid Biblioteca del Ateneo de Madrid Depósito folletos 07/05/2010     T-432-F-14 1183268 23/02/2023 23/02/2023 Folleto
        Libros del s. XIX Biblioteca del Ateneo de Madrid Biblioteca del Ateneo de Madrid Sala Pecera Planta 3 17/01/2008     G-15437(2) 1050371 23/02/2023 23/02/2023 Libro impreso antiguo